000 00396cam a22001337a 4500
008 180718b1960 xxu||||| |||| 00| 0 eng d
082 _aB11x54 N191
100 _aNatarajan, S
245 _aMain currents in Indian culture
_cby S Natarajan
260 _aHyderabad
_bIndia, Inst. of Indo-Middle East Cultural Studies
_c1960
300 _a301p.
500 _aRs.6.00
650 _aCivilization - India
999 _c375150
_d375150